| 000 | 00690nam a2200265Ia 4500 | ||
|---|---|---|---|
| 003 | OSt | ||
| 005 | 20221005062536.0 | ||
| 006 | a|||||r|||| 00| 0 | ||
| 007 | ta | ||
| 008 | 221004b |||||||| |||| 00| 0 eng d | ||
| 020 | _a0803979835 | ||
| 024 | _a46529 | ||
| 037 | _cTextual | ||
| 040 |
_aCRL _cCRL _beng |
||
| 041 |
_2eng _aeng |
||
| 082 | _aY0bB28, P0 | ||
| 100 |
_aFielding Jane L _9141132 |
||
| 245 | 0 | _aUnderstanding social statistics | |
| 260 |
_aLondon _bSage _c2000 |
||
| 300 |
_a329p. _ccm. |
||
| 650 | _aSOCIOLOGY | ||
| 700 | _a Gilbert G Nigel | ||
| 942 |
_hY0bB28, P0 _cTEXL _2cc |
||
| 999 |
_c969849 _d969849 |
||